Statistics for Billboard #1 songs from 1987

Click here to take the quiz!

General Stats

  • This quiz has been taken 131 times
  • The average score is 19 of 30

Answer Stats

Song TitleArtist% Correct
Livin' On a PrayerBon Jovi
98%
FaithGeorge Michael
93%
Walk Like an EgyptianThe Bangles
92%
BadMichael Jackson
91%
I Just Can't Stop Loving YouMichael Jackson
91%
I Still Haven't Found What I'm Looking ForU2
88%
With Or Without YouU2
88%
Didn't We Almost Have It AllWhitney Houston
88%
I Wanna Dance With Somebody (Who Loves Me)Whitney Houston
88%
Open Your HeartMadonna
85%
Who's That GirlMadonna
85%
I Think We're Alone NowTiffany
77%
Here I Go AgainWhitesnake
77%
Heaven Is a Place On EarthBelinda Carlisle
72%
Nothing's Gonna Stop Us NowStarship
70%
AloneHeart
64%
Mony Mony "Live"Billy Idol
63%
La BambaLos Lobos
62%
(I Just) Died In Your ArmsCutting Crew
59%
ShakedownBob Seger
40%
You Keep Me Hangin' OnKim Wilde
40%
Jacob's LadderHuey Lewis & the News
33%
(I've Had) The Time Of My LifeBill Medley & Jennifer Warnes
30%
I Knew You Were Waiting (For Me)Aretha Franklin & George Michael
29%
Lean On MeClub Nouveau
29%
Head to ToeLisa Lisa & Cult Jam
28%
Lost In EmotionLisa Lisa & Cult Jam
28%
AlwaysAtlantic Starr
24%
At This MomentBilly Vera and The Beaters
24%
Shake You DownGregory Abbott
24%

Score Distribution

Percentile by Number Answered

Percent of People with Each Score

Your Score History

You have not taken this quiz